| 000 | 00753cam a2200241 a 4500 | ||
|---|---|---|---|
| 001 | 4698414 | ||
| 003 | GBCCL | ||
| 005 | 20241126110338.0 | ||
| 008 | 820428s1982 ilu 000 0 eng | ||
| 010 | _a 82060252 | ||
| 020 |
_a0842321675 (pbk.) : _c$4.95 |
||
| 040 |
_aDLC _cDLC _dDLC |
||
| 050 | 0 | 0 |
_aBS2615.3 _b.W54 1982 |
| 082 | 0 | 0 |
_a226.5077 _219 _bWIE |
| 100 | 1 |
_aWiersbe, Warren W. _9623 |
|
| 245 | 1 | 0 |
_aListen! Jesus is praying : _ban expository study of John 17 / _cby Warren W. Wiersbe. |
| 260 |
_aWheaton, Ill. : _bTyndale House Publishers, _cc1982. |
||
| 300 |
_a144 p. ; _c21 cm. |
||
| 490 | 0 | _aLiving studies | |
| 630 | 0 | 0 |
_aBible. _pJohn, XVII _xCommentaries. _9624 |
| 906 |
_a7 _bcbc _corignew _d3 _eopcn _f19 _gy-gencatlg |
||
| 942 |
_2ddc _cBK _01 |
||
| 999 |
_c431 _d431 |
||